Histoire de France - Statistiques

Statistiques générales
  • Ce quiz a été pris 191 fois
  • Le résultat moyen est 9 sur 15
Statistiques - réponses
Question Réponse % Correct
Quel événement marque officiellement le début de la Révolution française le 14 juillet 1789 ? La prise de la Bastille
90%
Quel roi de France fut exécuté le 21 janvier 1793 sur ordre de la Convention nationale ? Louis XVI
90%
Quel ouvrage collectif dirigé par Diderot et d'Alembert visait à diffuser les connaissances et les idées des Lumières ? L'Encyclopédie
85%
Quelle bataille marque la défaite définitive de Napoléon en 1815 ? Waterloo
80%
En quelle année Napoléon Bonaparte prend-il le pouvoir en France par le coup d'État du 18 Brumaire ? 1799
71%
Après sa défaite en 1814, sur quelle île Napoléon est-il exilé une première fois ? Île d'Elbe
70%
Comment s’appelle la Déclaration adoptée en août 1789, proclamant l’égalité des citoyens et les droits fondamentaux ? Déclaration des droits de l’Homme et du Citoyen
67%
Quelle grande bataille Napoléon remporte-t-il en 1805 face aux armées russes et autrichiennes ? Bataille d'Austerlitz
65%
Quel philosophe des Lumières a écrit L'Esprit des lois en 1748, théorisant la séparation des pouvoirs ? Montesquieu
63%
Quelle assemblée est convoquée par Louis XVI en 1789 pour tenter de résoudre la crise financière du royaume ? Les États généraux
57%
Quel groupe social, ayant émergé avec la Révolution et l’Empire, prend une place importante dans la société du XIXe siècle ? La bourgeoisie
39%
Quel groupe politique radical, mené par Robespierre, imposa la Terreur en 1793-1794 ? Les Jacobins
35%
Quelle révolution renverse Charles X et porte Louis-Philippe Ier au pouvoir en 1830 ? Les Trois Glorieuses
30%
Quel célèbre poète et homme politique français fit partie du gouvernement provisoire de la Deuxième République en 1848 ? Alphonse de Lamartine
28%
Quelle notion fondamentale des Lumières repose sur l’idée que l’homme peut progresser grâce à la raison et à l’éducation ? Le Progrès
7%
Aucun quiz correspondant
Distribution des résultats
% des personnes avec chaque résultat
Percentile par nombre de réponses
Votre historique - résultats
Vous n’avez pas pris ce quiz